| 000 | 00584nam a2200229Ia 4500 | ||
|---|---|---|---|
| 008 | 171120s9999 xx 000 0 und d | ||
| 020 | _a184205189X | ||
| 050 | _a423 | ||
| 050 | _bW385 2002 | ||
| 245 | _aWebster's universal dictionary & thesaurus / | ||
| 260 | _aScotland : | ||
| 260 | _bGeddes & Grosset, | ||
| 260 | _c2002 | ||
| 300 | _a960 pages : | ||
| 300 | _billustrations ; | ||
| 300 | _c28cm. | ||
| 650 | _aEnglish language -- | ||
| 650 | _aEnglish language -- | ||
| 650 | _aEnglish language. | ||
| 650 | _xDictionaries, Juvenile. | ||
| 650 | _xDictionaries. | ||
| 999 |
_c345138 _d345138 |
||